000 00242nam a22001217a 4500
008 181018b xxu||||| |||| 00| 0 eng d
041 _aeng
080 _a591
100 _a7
101 _aZOO
245 _aTainer
_cPaine.L
942 _2udc
_cBK
999 _c50096
_d50096